000
00225 a2200097 4500
001
38057
100
_a
Nash S.G
245
_a
Linear & nonlinear programming
260
_a
Singapore
_b
McGraw Hill
_c
1996
090
_c
24235
_d
24235
942
_a
NUST-CAE
_c
M
_c
15820
999
_c
273130
_d
273130